000 00684nam a2200205Ia 4500
008 191130s2006##################000#0#eng##
020 _a9780231136426
040 _aACL
_cACL
082 _a205.693 WAL
245 _aA communion of subjects : animals in religion, science, and ethics
_cPaul Waldau and Kimberley Patton, editors
260 _aNew York
_bColumbia University Press
_cc2006
300 _axxxi, 686 p. : ill.; 26 cm
500 _aIncludes bibliographical references and index
650 _aAnimals - Religious aspects
700 _aPatton, Kimberley
700 _aWaldau, Paul
990 _a1c8ee736ac10000c4eca6b3be7eb84e1
991 _a78761
999 _c241252
_d241252